[Event "EYCC 2024 - O16"]
[Site "?"]
[Date "2024.08.29"]
[Round "7.7"]
[White "Kuhn, Clement"]
[Black "Zielonka, Adam"]
[Result "0-1"]
[BlackElo "2253"]
[WhiteElo "2344"]
[LiveChessVersion "1.4.8"]

1. e4 {[%clk 1:30:46]} e5 {[%clk 1:30:52]} 2. Nf3 {[%clk 1:30:54]} Nc6
{[%clk 1:31:14]} 3. Bb5 {[%clk 1:31:20]} a6 {[%clk 1:31:36]} 4. Ba4
{[%clk 1:31:46]} Nf6 {[%clk 1:31:58]} 5. O-O {[%clk 1:32:12]} b5 {[%clk 1:32:23]}
6. Bb3 {[%clk 1:32:38]} Bc5 {[%clk 1:32:29]} 7. c3 {[%clk 1:30:39]} d6
{[%clk 1:31:42]} 8. d4 {[%clk 1:31:04]} Bb6 {[%clk 1:32:07]} 9. a4
{[%clk 1:31:20]} Rb8 {[%clk 1:31:51]} 10. a5 {[%clk 1:26:14]} Ba7
{[%clk 1:32:12]} 11. h3 {[%clk 1:21:22]} Bb7 {[%clk 1:31:45]} 12. Re1
{[%clk 1:21:29]} O-O {[%clk 1:30:21]} 13. Bg5 {[%clk 1:16:57]} h6
{[%clk 1:30:04]} 14. Bh4 {[%clk 1:17:23]} g5 {[%clk 1:27:51]} 15. Bg3
{[%clk 1:00:08]} Re8 {[%clk 1:24:50]} 16. Qd3 {[%clk 0:53:32]} Nh5
{[%clk 1:20:57]} 17. Kh1 {[%clk 0:43:27]} Qf6 {[%clk 1:18:05]} 18. d5
{[%clk 0:42:11]} Ne7 {[%clk 1:18:11]} 19. Nbd2 {[%clk 0:41:24]} Ng6
{[%clk 1:14:07]} 20. Nh2 {[%clk 0:39:37]} Nhf4 {[%clk 1:08:32]} 21. Ng4
{[%clk 0:35:32]} Qh8 {[%clk 1:03:24]} 22. Qf1 {[%clk 0:28:45]} h5
{[%clk 0:59:12]} 23. Ne3 {[%clk 0:29:15]} Bc8 {[%clk 0:57:10]} 24. Qg1
{[%clk 0:26:23]} Qf6 {[%clk 0:52:14]} 25. Bc2 {[%clk 0:25:57]} g4
{[%clk 0:48:13]} 26. Nf5 {[%clk 0:25:27]} b4 {[%clk 0:35:10]} 27. Rab1
{[%clk 0:22:55]} bxc3 {[%clk 0:27:36]} 28. bxc3 {[%clk 0:23:24]} Bd7
{[%clk 0:27:22]} 29. Qf1 {[%clk 0:16:31]} h4 {[%clk 0:25:28]} 30. Bh2
{[%clk 0:13:39]} gxh3 {[%clk 0:23:43]} 31. gxh3 {[%clk 0:13:15]} Qg5
{[%clk 0:22:04]} 32. Nf3 {[%clk 0:10:34]} Qh5 {[%clk 0:21:48]} 33. Ng1
{[%clk 0:09:44]} Nxd5 {[%clk 0:18:02]} 34. Rxb8 {[%clk 0:08:32]} Rxb8
{[%clk 0:18:28]} 35. Bd1 {[%clk 0:07:32]} Qh8 {[%clk 0:16:35]} 36. exd5
{[%clk 0:05:02]} Bxf5 {[%clk 0:17:00]} 37. Qxa6 {[%clk 0:03:46]} Bxf2
{[%clk 0:16:30]} 38. Rf1 {[%clk 0:02:57]} Bxg1 {[%clk 0:15:07]} 39. Rxf5
{[%clk 0:02:38]} Bxh2 {[%clk 0:15:01]} 40. Kxh2 {[%clk 0:03:04]} Qh6
{[%clk 0:12:28]} 41. Qe2 {[%clk 0:02:07]} Qc1 {[%clk 0:10:03]} 42. Rf2
{[%clk 0:01:16]} Qxc3 {[%clk 0:02:38]} 43. Qf3 {[%clk 0:01:46]} Qxf3 44. Bxf3
{[%clk 0:02:15]} Ra8 {[%clk 0:02:18]} 45. Ra2 {[%clk 0:02:39]} Nf4
{[%clk 0:02:29]} 46. a6 {[%clk 0:02:50]} f5 {[%clk 0:01:36]} 47. a7
{[%clk 0:02:50]} e4 {[%clk 0:01:15]} 48. Bd1 {[%clk 0:03:13]} e3 {[%clk 0:00:55]}
49. Bb3 {[%clk 0:03:19]} e2 {[%clk 0:01:06]} 50. Ra1 {[%clk 0:02:25]} Rxa7
{[%clk 0:01:23]} 51. Rg1+ {[%clk 0:02:51]} Kf7 {[%clk 0:01:40]} 52. Bd1
{[%clk 0:02:01]} Ra2 {[%clk 0:01:41]} 53. Bxe2 {[%clk 0:02:19]} Nxe2
{[%clk 0:01:53]} 54. Rg5 {[%clk 0:02:22]} Kf6 {[%clk 0:02:08]} 55. Rg8
{[%clk 0:02:48]} f4 {[%clk 0:02:08]} 56. Re8 {[%clk 0:03:11]} f3 {[%clk 0:02:03]}
57. Rf8+ {[%clk 0:02:29]} Ke7 {[%clk 0:02:22]} 58. Rxf3 {[%clk 0:02:56]} Nd4+
{[%clk 0:02:46]} 59. Kh1 {[%clk 0:03:23]} Ra1+ {[%clk 0:03:09]} 0-1

[Event "EYCC 2024 - O16"]
[Site "?"]
[Date "2024.08.29"]
[Round "7.8"]
[White "Erten, Kerem"]
[Black "Kiladze, Luka"]
[Result "1-0"]
[BlackElo "2193"]
[WhiteElo "2331"]
[LiveChessVersion "1.4.8"]

1. e4 {[%clk 1:30:45]} c5 {[%clk 1:30:53]} 2. Nf3 {[%clk 1:31:04]} Nc6
{[%clk 1:31:19]} 3. Bb5 {[%clk 1:31:23]} g6 {[%clk 1:31:46]} 4. Bxc6
{[%clk 1:31:42]} dxc6 {[%clk 1:32:12]} 5. d3 {[%clk 1:32:08]} Bg7
{[%clk 1:32:39]} 6. h3 {[%clk 1:32:35]} e5 {[%clk 1:33:05]} 7. Be3
{[%clk 1:32:19]} Qe7 {[%clk 1:33:34]} 8. Qd2 {[%clk 1:32:26]} f5 {[%clk 1:33:47]}
9. exf5 {[%clk 1:31:29]} gxf5 {[%clk 1:34:12]} 10. Bg5 {[%clk 1:31:51]} Qd6
{[%clk 1:34:40]} 11. O-O {[%clk 1:31:38]} h6 {[%clk 1:27:03]} 12. Bh4
{[%clk 1:32:04]} Ne7 {[%clk 1:27:29]} 13. Bxe7 {[%clk 1:32:30]} Qxe7
{[%clk 1:23:31]} 14. Re1 {[%clk 1:32:55]} O-O {[%clk 1:23:08]} 15. Qe3
{[%clk 1:33:15]} Bd7 {[%clk 1:09:32]} 16. Nbd2 {[%clk 1:21:32]} Rae8
{[%clk 1:06:10]} 17. Rad1 {[%clk 1:10:29]} Rf6 {[%clk 0:43:39]} 18. Qxe5
{[%clk 1:04:27]} Re6 {[%clk 0:43:42]} 19. Qc7 {[%clk 0:56:03]} Bxb2
{[%clk 0:37:52]} 20. Qxb7 {[%clk 0:54:49]} Qg7 {[%clk 0:35:53]} 21. Qxa7
{[%clk 0:46:26]} f4 {[%clk 0:30:24]} 22. Kf1 {[%clk 0:36:24]} Bc3
{[%clk 0:20:43]} 23. Rxe6 {[%clk 0:33:17]} Bxe6 {[%clk 0:19:38]} 24. Qxg7+
{[%clk 0:32:55]} Bxg7 {[%clk 0:20:06]} 25. Re1 {[%clk 0:32:07]} Kf8
{[%clk 0:19:04]} 26. a4 {[%clk 0:30:06]} Bc3 {[%clk 0:18:33]} 27. Re4
{[%clk 0:29:39]} Ke7 {[%clk 0:18:53]} 28. Rxf4 {[%clk 0:28:17]} Rb8
{[%clk 0:19:10]} 29. Ne4 {[%clk 0:24:05]} Rb1+ {[%clk 0:19:09]} 30. Ke2
{[%clk 0:24:30]} Bb4 {[%clk 0:18:30]} 31. c3 {[%clk 0:22:26]} Rb2+
{[%clk 0:18:47]} 32. Ke3 {[%clk 0:19:54]} Ba3 {[%clk 0:19:08]} 33. Ne5
{[%clk 0:18:02]} Rb6 {[%clk 0:18:36]} 34. Rh4 {[%clk 0:16:59]} Bd5
{[%clk 0:16:24]} 35. c4 {[%clk 0:15:26]} Bc1+ {[%clk 0:15:48]} 36. Ke2
{[%clk 0:15:04]} Bxe4 {[%clk 0:15:57]} 37. Rxe4 {[%clk 0:15:08]} Kd6
{[%clk 0:16:16]} 38. f4 {[%clk 0:14:13]} Ra6 {[%clk 0:15:59]} 39. Nf7+
{[%clk 0:14:20]} Kd7 {[%clk 0:16:28]} 40. Nxh6 {[%clk 0:14:24]} Rxa4
{[%clk 0:16:57]} 41. Ng4 {[%clk 0:13:42]} Bb2 {[%clk 0:16:56]} 42. Ne5+
{[%clk 0:12:37]} Kd6 {[%clk 0:17:24]} 43. Kf3 {[%clk 0:12:14]} Ra1
{[%clk 0:16:50]} 44. Re2 {[%clk 0:11:55]} Rf1+ {[%clk 0:17:05]} 45. Rf2
{[%clk 0:11:37]} Rb1 {[%clk 0:17:27]} 46. Re2 {[%clk 0:11:11]} Rf1+
{[%clk 0:17:26]} 47. Kg4 {[%clk 0:11:34]} Bc1 {[%clk 0:17:51]} 48. g3
{[%clk 0:11:36]} 1-0

[Event "EYCC 2024 - O16"]
[Site "?"]
[Date "2024.08.29"]
[Round "7.9"]
[White "Pashikyan, Rudolf"]
[Black "Ljepic, Andrej"]
[Result "1-0"]
[BlackElo "2275"]
[WhiteElo "2186"]
[LiveChessVersion "1.4.8"]

1. e4 {[%clk 1:30:56]} c5 {[%clk 1:30:43]} 2. Nf3 {[%clk 1:31:17]} a6
{[%clk 1:31:03]} 3. c3 {[%clk 1:30:11]} e6 {[%clk 1:31:29]} 4. d4
{[%clk 1:30:31]} d5 {[%clk 1:31:55]} 5. e5 {[%clk 1:30:33]} Bd7 {[%clk 1:32:21]}
6. Be2 {[%clk 1:30:54]} cxd4 {[%clk 1:32:45]} 7. cxd4 {[%clk 1:29:39]} Bb5
{[%clk 1:33:10]} 8. Nc3 {[%clk 1:30:04]} Bxe2 {[%clk 1:33:35]} 9. Nxe2
{[%clk 1:30:30]} Nc6 {[%clk 1:33:08]} 10. O-O {[%clk 1:30:25]} Nge7
{[%clk 1:32:08]} 11. Ng3 {[%clk 1:28:57]} Ng6 {[%clk 1:25:21]} 12. Nh5
{[%clk 1:25:21]} Nh4 {[%clk 1:20:50]} 13. Be3 {[%clk 1:23:26]} Nxf3+
{[%clk 1:15:14]} 14. Qxf3 {[%clk 1:23:35]} Qh4 {[%clk 1:15:25]} 15. Rac1
{[%clk 1:18:13]} Rd8 {[%clk 1:04:43]} 16. Qd1 {[%clk 1:07:42]} f5
{[%clk 0:37:39]} 17. exf6 {[%clk 1:07:00]} g6 {[%clk 0:37:43]} 18. f7+
{[%clk 0:47:13]} Kxf7 {[%clk 0:37:48]} 19. Qf3+ {[%clk 0:46:50]} Kg8
{[%clk 0:37:05]} 20. Nf6+ {[%clk 0:44:56]} Kg7 {[%clk 0:37:22]} 21. Ng4
{[%clk 0:45:18]} h5 {[%clk 0:35:07]} 22. Ne5 {[%clk 0:44:16]} Nxe5
{[%clk 0:33:29]} 23. dxe5 {[%clk 0:44:30]} Rd7 {[%clk 0:33:18]} 24. Rc8
{[%clk 0:37:03]} Rf7 {[%clk 0:29:38]} 25. Qd1 {[%clk 0:37:30]} Kh7
{[%clk 0:25:02]} 26. f4 {[%clk 0:29:06]} Bg7 {[%clk 0:22:43]} 27. Rxh8+
{[%clk 0:26:29]} Bxh8 {[%clk 0:23:00]} 28. Qc2 {[%clk 0:25:04]} Bg7
{[%clk 0:18:50]} 29. h3 {[%clk 0:20:31]} Qe7 {[%clk 0:14:53]} 30. Rc1
{[%clk 0:18:51]} Qd7 {[%clk 0:13:16]} 31. Kh2 {[%clk 0:18:04]} Bh6
{[%clk 0:12:39]} 32. Qd2 {[%clk 0:16:30]} Qa4 {[%clk 0:08:07]} 33. b4
{[%clk 0:16:58]} Qa3 {[%clk 0:07:27]} 34. Re1 {[%clk 0:14:12]} Qa4
{[%clk 0:05:55]} 35. f5 {[%clk 0:13:48]} Bxe3 {[%clk 0:04:40]} 36. fxg6+
{[%clk 0:14:17]} Kxg6 {[%clk 0:05:04]} 37. Rxe3 {[%clk 0:14:40]} Rf5
{[%clk 0:04:56]} 38. Rg3+ {[%clk 0:12:16]} Kh7 {[%clk 0:05:07]} 39. Qd4
{[%clk 0:12:20]} Qd7 {[%clk 0:04:57]} 40. Qa7 {[%clk 0:10:20]} Qf7
{[%clk 0:04:12]} 41. Qb8 {[%clk 0:10:44]} Rf4 {[%clk 0:03:17]} 42. Qd8
{[%clk 0:09:54]} b5 {[%clk 0:02:46]} 43. a3 {[%clk 0:06:09]} h4 {[%clk 0:01:49]}
44. Rc3 {[%clk 0:05:47]} Kg6 {[%clk 0:01:45]} 45. Rc7 {[%clk 0:05:54]} Qf8
{[%clk 0:02:06]} 46. Qd7 {[%clk 0:05:45]} Kf5 {[%clk 0:02:06]} 47. Rc8
{[%clk 0:03:39]} Qh6 {[%clk 0:02:31]} 48. Rg8 {[%clk 0:01:01]} Kxe5
{[%clk 0:01:45]} 49. Qc7+ {[%clk 0:01:27]} Kf5 {[%clk 0:02:03]} 50. Qc8
{[%clk 0:00:39]} d4 {[%clk 0:01:48]} 51. Qxa6 {[%clk 0:00:42]} Ke4
{[%clk 0:01:29]} 52. Qxb5 {[%clk 0:00:56]} Ke3 {[%clk 0:01:23]} 53. Qc5
{[%clk 0:01:09]} Qf6 {[%clk 0:01:15]} 54. b5 {[%clk 0:00:47]} Rf1
{[%clk 0:01:11]} 55. Rg4 {[%clk 0:01:11]} e5 {[%clk 0:01:00]} 56. b6
{[%clk 0:00:40]} e4 {[%clk 0:01:01]} 57. b7 {[%clk 0:00:47]} Qf2 {[%clk 0:01:14]}
58. Qg5+ {[%clk 0:01:13]} Kd3 {[%clk 0:01:23]} 59. Qb5+ {[%clk 0:01:38]} Kc2
{[%clk 0:01:09]} 60. Qc4+ {[%clk 0:01:24]} Kd1 {[%clk 0:00:58]} 61. Qxf1+
{[%clk 0:01:41]} Qxf1 {[%clk 0:01:25]} 62. b8=Q {[%clk 0:02:05]} Qd3
{[%clk 0:01:44]} 63. Qe5 {[%clk 0:02:22]} 1-0

[Event "EYCC 2024 - O16"]
[Site "?"]
[Date "2024.08.29"]
[Round "7.10"]
[White "Lavrencic, Matic"]
[Black "Venkatesan, Kavin"]
[Result "1-0"]
[BlackElo "2202"]
[WhiteElo "2356"]
[LiveChessVersion "1.4.8"]

1. e4 {[%clk 1:30:56]} c5 {[%clk 1:30:55]} 2. Nf3 {[%clk 1:31:14]} d6
{[%clk 1:31:19]} 3. d4 {[%clk 1:31:26]} cxd4 {[%clk 1:31:43]} 4. Nxd4
{[%clk 1:31:46]} Nf6 {[%clk 1:32:06]} 5. Nc3 {[%clk 1:32:08]} a6 {[%clk 1:32:31]}
6. Bg5 {[%clk 1:32:16]} e6 {[%clk 1:32:47]} 7. f4 {[%clk 1:32:36]} Be7
{[%clk 1:33:09]} 8. Qf3 {[%clk 1:32:58]} Qc7 {[%clk 1:33:17]} 9. O-O-O
{[%clk 1:33:16]} Nbd7 {[%clk 1:33:23]} 10. g4 {[%clk 1:33:35]} b5
{[%clk 1:33:40]} 11. a3 {[%clk 1:33:56]} Bb7 {[%clk 1:21:46]} 12. Bxf6
{[%clk 1:34:02]} Nxf6 {[%clk 1:20:53]} 13. g5 {[%clk 1:34:17]} Nd7
{[%clk 1:19:56]} 14. h4 {[%clk 1:34:26]} Rc8 {[%clk 1:10:01]} 15. f5
{[%clk 1:29:37]} e5 {[%clk 1:04:09]} 16. Nb3 {[%clk 1:27:37]} d5 {[%clk 0:55:31]}
17. exd5 {[%clk 1:09:51]} Bxa3 {[%clk 0:55:08]} 18. Rd3 {[%clk 1:04:08]} b4
{[%clk 0:48:50]} 19. bxa3 {[%clk 1:03:46]} bxc3 {[%clk 0:49:14]} 20. f6
{[%clk 0:58:32]} O-O {[%clk 0:36:35]} 21. Bh3 {[%clk 0:53:14]} Qd6
{[%clk 0:31:02]} 22. fxg7 {[%clk 0:48:28]} Rfe8 {[%clk 0:29:48]} 23. Rf1
{[%clk 0:46:41]} Qxa3+ {[%clk 0:25:17]} 24. Kd1 {[%clk 0:47:05]} Re7
{[%clk 0:24:03]} 25. Qh5 {[%clk 0:44:08]} Qd6 {[%clk 0:13:23]} 26. Bf5
{[%clk 0:43:45]} h6 {[%clk 0:13:35]} 27. gxh6 {[%clk 0:42:56]} Ree8
{[%clk 0:09:39]} 28. Rg1 {[%clk 0:42:13]} 1-0

[Event "EYCC 2024 - O16"]
[Site "?"]
[Date "2024.08.29"]
[Round "7.11"]
[White "Radu, David Cr."]
[Black "Kozlovic, Jernej"]
[Result "1/2-1/2"]
[BlackElo "2334"]
[WhiteElo "2159"]
[LiveChessVersion "1.4.8"]

1. e4 {[%clk 1:30:51]} e5 {[%clk 1:30:17]} 2. Nf3 {[%clk 1:31:13]} Nc6
{[%clk 1:30:39]} 3. Bb5 {[%clk 1:31:32]} a6 {[%clk 1:30:12]} 4. Ba4
{[%clk 1:32:00]} Nf6 {[%clk 1:29:56]} 5. O-O {[%clk 1:31:22]} b5 {[%clk 1:29:45]}
6. Bb3 {[%clk 1:31:50]} Bc5 {[%clk 1:30:05]} 7. c3 {[%clk 1:29:27]} d6
{[%clk 1:30:25]} 8. h3 {[%clk 1:29:24]} O-O {[%clk 1:30:25]} 9. Re1
{[%clk 1:29:24]} Bb6 {[%clk 1:30:25]} 10. d3 {[%clk 1:29:24]} Na5
{[%clk 1:30:25]} 11. Bc2 {[%clk 1:29:24]} c5 {[%clk 1:30:25]} 12. Nbd2
{[%clk 1:29:24]} Nc6 {[%clk 1:10:00]} 13. Nf1 {[%clk 1:14:58]} h6
{[%clk 1:10:00]} 14. a4 {[%clk 1:13:12]} Be6 {[%clk 1:02:04]} 15. Ng3
{[%clk 1:11:38]} d5 {[%clk 1:00:06]} 16. axb5 {[%clk 1:06:04]} axb5
{[%clk 1:00:07]} 17. Rxa8 {[%clk 1:06:11]} Qxa8 {[%clk 1:00:35]} 18. exd5
{[%clk 1:03:38]} Bxd5 {[%clk 1:00:25]} 19. Nf5 {[%clk 1:03:47]} Rd8
{[%clk 0:40:20]} 20. Bd2 {[%clk 0:54:21]} c4 {[%clk 0:40:20]} 21. dxc4
{[%clk 0:54:21]} Bxf3 {[%clk 0:19:43]} 22. gxf3 {[%clk 0:36:51]} bxc4
{[%clk 0:15:24]} 23. Qc1 {[%clk 0:31:37]} Qa7 {[%clk 0:11:46]} 24. Bxh6
{[%clk 0:27:57]} Bxf2+ {[%clk 0:11:09]} 25. Kh1 {[%clk 0:28:20]} g6
{[%clk 0:09:38]} 26. Rd1 {[%clk 0:21:53]} Rxd1+ {[%clk 0:05:20]} 27. Qxd1
{[%clk 0:21:59]} Qd7 {[%clk 0:02:15]} 28. Qxd7 {[%clk 0:13:55]} Nxd7
{[%clk 0:02:44]} 29. Nd6 {[%clk 0:12:04]} Nb6 {[%clk 0:01:31]} 30. Ne4
{[%clk 0:05:43]} Bh4 {[%clk 0:01:28]} 31. Be3 {[%clk 0:05:54]} Nd5
{[%clk 0:01:19]} 32. Bg1 {[%clk 0:06:23]} Na5 {[%clk 0:00:47]} 33. Nd6
{[%clk 0:04:56]} f5 {[%clk 0:00:57]} 34. Nxc4 {[%clk 0:04:40]} Nxc4
{[%clk 0:01:18]} 35. Bb3 {[%clk 0:05:10]} Nxb2 {[%clk 0:01:30]} 36. Bxd5+
{[%clk 0:05:38]} Kf8 {[%clk 0:01:32]} 37. c4 {[%clk 0:05:01]} Nd3
{[%clk 0:01:12]} 38. c5 {[%clk 0:05:22]} Bf2 {[%clk 0:00:51]} 39. c6
{[%clk 0:05:20]} Ke7 {[%clk 0:01:15]} 40. Bf7 {[%clk 0:03:24]} Bxg1
{[%clk 0:01:39]} 41. Kxg1 {[%clk 0:03:49]} Nf4 {[%clk 0:01:53]} 42. h4
{[%clk 0:04:13]} Kd6 {[%clk 0:00:36]} 43. Be8 {[%clk 0:04:40]} Kc7
{[%clk 0:00:36]} 44. Kf2 {[%clk 0:04:19]} Kd6 {[%clk 0:00:59]} 45. Kg3
{[%clk 0:04:00]} Kc7 {[%clk 0:00:55]} 46. Kf2 {[%clk 0:04:04]} Kd8
{[%clk 0:01:12]} 47. Bf7 {[%clk 0:04:21]} Nd3+ {[%clk 0:00:55]} 48. Ke3
{[%clk 0:04:34]} Nf4 {[%clk 0:00:32]} 49. Kf2 {[%clk 0:03:57]} Kc8
{[%clk 0:00:56]} 1/2-1/2

[Event "EYCC 2024 - O16"]
[Site "?"]
[Date "2024.08.29"]
[Round "7.12"]
[White "Smeets, Kobe"]
[Black "Liu, Jason"]
[Result "1-0"]
[BlackElo "2223"]
[WhiteElo "2322"]
[LiveChessVersion "1.4.8"]

1. e4 {[%clk 1:30:59]} e6 {[%clk 1:30:53]} 2. d4 {[%clk 1:31:26]} d5
{[%clk 1:31:18]} 3. Nc3 {[%clk 1:31:54]} dxe4 {[%clk 1:31:31]} 4. Nxe4
{[%clk 1:32:22]} Nd7 {[%clk 1:31:50]} 5. Nf3 {[%clk 1:32:50]} Ngf6
{[%clk 1:32:14]} 6. Nxf6+ {[%clk 1:33:15]} Nxf6 {[%clk 1:32:37]} 7. Be3
{[%clk 1:33:43]} Be7 {[%clk 1:28:53]} 8. Bd3 {[%clk 1:33:38]} O-O
{[%clk 1:13:54]} 9. Qe2 {[%clk 1:33:58]} b6 {[%clk 1:07:39]} 10. O-O-O
{[%clk 1:33:55]} Bb7 {[%clk 1:07:57]} 11. Ne5 {[%clk 1:29:56]} c5
{[%clk 1:01:01]} 12. dxc5 {[%clk 1:23:10]} Qc7 {[%clk 0:59:47]} 13. c6
{[%clk 1:15:52]} Bxc6 {[%clk 0:56:55]} 14. Nxc6 {[%clk 1:16:08]} Qxc6
{[%clk 0:57:18]} 15. Kb1 {[%clk 1:11:25]} Rad8 {[%clk 0:50:14]} 16. g4
{[%clk 1:09:40]} Ne4 {[%clk 0:43:41]} 17. c3 {[%clk 0:59:42]} Nc5
{[%clk 0:39:31]} 18. Bc2 {[%clk 1:00:03]} e5 {[%clk 0:33:34]} 19. Bc1
{[%clk 0:55:55]} Qc7 {[%clk 0:27:52]} 20. Rde1 {[%clk 0:54:17]} Bd6
{[%clk 0:26:03]} 21. f3 {[%clk 0:53:44]} Qb7 {[%clk 0:21:56]} 22. h4
{[%clk 0:53:19]} Bc7 {[%clk 0:17:47]} 23. h5 {[%clk 0:52:20]} Qa6
{[%clk 0:14:35]} 24. Qe3 {[%clk 0:47:41]} Nd3 {[%clk 0:12:48]} 25. Qe4
{[%clk 0:44:43]} f5 {[%clk 0:05:23]} 26. gxf5 {[%clk 0:45:01]} Nxe1
{[%clk 0:05:42]} 27. Rxe1 {[%clk 0:45:24]} b5 {[%clk 0:05:28]} 28. h6
{[%clk 0:40:13]} gxh6 {[%clk 0:02:29]} 29. Rg1+ {[%clk 0:40:06]} Kh8
{[%clk 0:02:17]} 30. f6 {[%clk 0:40:15]} Rf7 {[%clk 0:01:49]} 31. Rg7
{[%clk 0:40:33]} 1-0

[Event "EYCC 2024 - O16"]
[Site "?"]
[Date "2024.08.29"]
[Round "7.13"]
[White "Vagman, Roy"]
[Black "Savicevs, Arsenijs"]
[Result "1-0"]
[BlackElo "2184"]
[WhiteElo "2302"]
[LiveChessVersion "1.4.8"]

1. e4 {[%clk 1:30:57]} c5 {[%clk 1:30:55]} 2. Nf3 {[%clk 1:31:22]} d6
{[%clk 1:31:20]} 3. d4 {[%clk 1:31:46]} cxd4 {[%clk 1:31:43]} 4. Nxd4
{[%clk 1:32:12]} Nf6 {[%clk 1:32:06]} 5. Nc3 {[%clk 1:32:38]} a6 {[%clk 1:32:31]}
6. h3 {[%clk 1:33:00]} e5 {[%clk 1:32:42]} 7. Nf3 {[%clk 1:33:20]} h6
{[%clk 1:32:47]} 8. Bc4 {[%clk 1:33:39]} Be6 {[%clk 1:33:01]} 9. Bb3
{[%clk 1:34:00]} Nc6 {[%clk 1:33:12]} 10. Nh2 {[%clk 1:34:20]} Nd4
{[%clk 1:32:00]} 11. Bxe6 {[%clk 1:34:24]} fxe6 {[%clk 1:30:42]} 12. Be3
{[%clk 1:34:45]} Nb5 {[%clk 1:07:04]} 13. Nxb5 {[%clk 1:30:58]} axb5
{[%clk 1:07:26]} 14. Ng4 {[%clk 1:20:58]} Be7 {[%clk 0:58:06]} 15. Nxf6+
{[%clk 1:20:32]} Bxf6 {[%clk 0:58:28]} 16. c3 {[%clk 1:14:29]} Qd7
{[%clk 0:57:11]} 17. Qh5+ {[%clk 1:12:54]} Qf7 {[%clk 0:50:46]} 18. Qe2
{[%clk 1:11:50]} Qd7 {[%clk 0:50:38]} 19. O-O {[%clk 1:11:54]} O-O
{[%clk 0:50:49]} 20. a3 {[%clk 1:09:15]} Qc6 {[%clk 0:50:21]} 21. Qg4
{[%clk 0:55:44]} Kf7 {[%clk 0:48:53]} 22. Rae1 {[%clk 0:43:52]} Ra4
{[%clk 0:43:34]} 23. Bc1 {[%clk 0:44:05]} Ke7 {[%clk 0:34:07]} 24. Qg6
{[%clk 0:41:07]} Qe8 {[%clk 0:33:15]} 25. Qg3 {[%clk 0:39:28]} Qc6
{[%clk 0:32:44]} 26. Qd3 {[%clk 0:39:29]} Rd8 {[%clk 0:27:26]} 27. f4
{[%clk 0:34:18]} Bh4 {[%clk 0:15:54]} 28. Re2 {[%clk 0:30:50]} Rf8
{[%clk 0:11:27]} 29. g3 {[%clk 0:25:24]} Bf6 {[%clk 0:11:42]} 30. Rd1
{[%clk 0:24:16]} Rd8 {[%clk 0:08:03]} 31. Kh2 {[%clk 0:18:27]} Qc4
{[%clk 0:07:36]} 32. Qf3 {[%clk 0:16:15]} exf4 {[%clk 0:03:01]} 33. gxf4
{[%clk 0:14:50]} e5 {[%clk 0:03:04]} 34. Rd5 {[%clk 0:14:51]} b4 {[%clk 0:01:56]}
35. axb4 {[%clk 0:13:55]} Ra1 {[%clk 0:02:22]} 36. Be3 {[%clk 0:13:22]} Rb1
{[%clk 0:02:38]} 37. Kg2 {[%clk 0:06:15]} Ra8 {[%clk 0:01:41]} 38. Red2
{[%clk 0:05:45]} exf4 {[%clk 0:00:36]} 39. Bxf4 {[%clk 0:05:56]} Raa1
{[%clk 0:00:56]} 40. Bxd6+ {[%clk 0:05:41]} Kf7 {[%clk 0:01:11]} 41. Bh2
{[%clk 0:04:49]} Rf1 {[%clk 0:00:52]} 42. Qd3 {[%clk 0:04:17]} Qxd3
{[%clk 0:00:43]} 43. R5xd3 {[%clk 0:04:08]} Bg5 {[%clk 0:00:56]} 44. Re2
{[%clk 0:03:51]} Rad1 {[%clk 0:00:47]} 45. Rd5 {[%clk 0:03:47]} Ke6
{[%clk 0:00:46]} 46. Re5+ {[%clk 0:03:59]} Kd7 {[%clk 0:01:05]} 47. Rc5
{[%clk 0:04:20]} Bf4 {[%clk 0:00:32]} 48. Rd5+ {[%clk 0:04:26]} Bd6
{[%clk 0:00:32]} 49. Rxd6+ {[%clk 0:04:50]} 1-0

[Event "EYCC 2024 - O16"]
[Site "?"]
[Date "2024.08.29"]
[Round "7.14"]
[White "Fiskaaen, Martin Holten"]
[Black "Rustamov, Rustam"]
[Result "0-1"]
[BlackElo "2283"]
[WhiteElo "2225"]
[LiveChessVersion "1.4.8"]

1. d4 {[%clk 1:30:57]} Nf6 {[%clk 1:30:54]} 2. c4 {[%clk 1:31:22]} e6
{[%clk 1:31:23]} 3. Nf3 {[%clk 1:31:47]} d5 {[%clk 1:31:32]} 4. g3
{[%clk 1:32:12]} Be7 {[%clk 1:31:32]} 5. Bg2 {[%clk 1:32:32]} O-O
{[%clk 1:30:06]} 6. O-O {[%clk 1:32:56]} dxc4 {[%clk 1:30:34]} 7. Na3
{[%clk 1:32:33]} c5 {[%clk 1:24:56]} 8. Nxc4 {[%clk 1:25:10]} Nc6
{[%clk 1:23:56]} 9. dxc5 {[%clk 1:24:42]} Bxc5 {[%clk 1:22:49]} 10. a3
{[%clk 1:19:03]} a5 {[%clk 1:22:07]} 11. Bf4 {[%clk 1:16:56]} Nd5
{[%clk 1:21:31]} 12. Qc2 {[%clk 1:07:40]} Nxf4 {[%clk 1:17:49]} 13. gxf4
{[%clk 1:08:03]} Qe7 {[%clk 1:16:14]} 14. Nfe5 {[%clk 1:06:08]} Nd4
{[%clk 1:13:02]} 15. Qd1 {[%clk 1:03:37]} Rd8 {[%clk 1:11:03]} 16. e3
{[%clk 1:03:38]} Nf5 {[%clk 1:09:45]} 17. Qc2 {[%clk 1:01:52]} Nh4
{[%clk 1:08:59]} 18. Be4 {[%clk 0:54:05]} f5 {[%clk 1:07:38]} 19. Bh1
{[%clk 0:51:28]} Bd7 {[%clk 1:02:40]} 20. Rfd1 {[%clk 0:50:29]} Be8
{[%clk 1:00:19]} 21. Rxd8 {[%clk 0:46:22]} Qxd8 {[%clk 1:00:26]} 22. Nf3
{[%clk 0:43:37]} Bh5 {[%clk 0:50:22]} 23. Nce5 {[%clk 0:43:00]} Nxf3+
{[%clk 0:49:48]} 24. Bxf3 {[%clk 0:40:59]} Bxf3 {[%clk 0:49:43]} 25. Nxf3
{[%clk 0:41:13]} Rc8 {[%clk 0:49:12]} 26. Qc4 {[%clk 0:37:31]} Qd5
{[%clk 0:47:18]} 27. Qxd5 {[%clk 0:32:13]} exd5 {[%clk 0:47:45]} 28. Rc1
{[%clk 0:31:04]} Rc6 {[%clk 0:47:10]} 29. Ne5 {[%clk 0:30:11]} Rc7
{[%clk 0:46:39]} 30. Rd1 {[%clk 0:28:46]} d4 {[%clk 0:46:43]} 31. exd4
{[%clk 0:28:49]} Bd6 {[%clk 0:47:09]} 32. Rd2 {[%clk 0:24:08]} Kf8
{[%clk 0:46:18]} 33. Kg2 {[%clk 0:23:49]} Ke7 {[%clk 0:46:22]} 34. Re2
{[%clk 0:22:18]} Kf8 {[%clk 0:46:19]} 35. Kf3 {[%clk 0:21:44]} Rc1
{[%clk 0:46:31]} 36. Ke3 {[%clk 0:19:26]} h6 {[%clk 0:45:49]} 37. Kd3
{[%clk 0:17:27]} g5 {[%clk 0:45:03]} 38. fxg5 {[%clk 0:17:08]} hxg5
{[%clk 0:45:28]} 39. f3 {[%clk 0:16:34]} Rf1 {[%clk 0:41:28]} 40. Ke3
{[%clk 0:13:49]} Kg7 {[%clk 0:40:47]} 41. Rf2 {[%clk 0:08:31]} Re1+
{[%clk 0:39:28]} 42. Kd2 {[%clk 0:08:48]} Rh1 {[%clk 0:39:47]} 43. Kd3
{[%clk 0:02:33]} Kf6 {[%clk 0:38:23]} 44. Nd7+ {[%clk 0:02:14]} Kg6
{[%clk 0:36:30]} 45. Ne5+ {[%clk 0:02:28]} Kf6 {[%clk 0:36:17]} 46. Nd7+
{[%clk 0:02:54]} Ke7 {[%clk 0:36:18]} 47. Ne5 {[%clk 0:02:40]} Ke6
{[%clk 0:36:19]} 48. Rg2 {[%clk 0:01:52]} Bxe5 {[%clk 0:36:24]} 49. dxe5
{[%clk 0:01:56]} Kxe5 {[%clk 0:36:52]} 50. Rxg5 {[%clk 0:00:48]} Rxh2
{[%clk 0:37:02]} 51. b3 {[%clk 0:00:32]} Rf2 {[%clk 0:36:26]} 52. Rg7
{[%clk 0:00:32]} Rxf3+ {[%clk 0:36:46]} 53. Kc4 {[%clk 0:00:33]} b5+
{[%clk 0:37:08]} 54. Kxb5 {[%clk 0:00:44]} Rxb3+ {[%clk 0:37:31]} 55. Kxa5
{[%clk 0:00:32]} Rxa3+ {[%clk 0:37:54]} 56. Kb4 {[%clk 0:01:01]} Ra8
{[%clk 0:36:51]} 57. Kc4 {[%clk 0:00:35]} Rd8 {[%clk 0:37:11]} 58. Rg1
{[%clk 0:00:31]} f4 {[%clk 0:37:23]} 59. Re1+ {[%clk 0:00:32]} Kf5
{[%clk 0:37:50]} 60. Re7 {[%clk 0:00:31]} Kg4 {[%clk 0:38:09]} 61. Rf7
{[%clk 0:00:33]} Kg3 {[%clk 0:38:26]} 62. Kc3 {[%clk 0:00:58]} f3
{[%clk 0:38:50]} 63. Kc2 {[%clk 0:01:07]} Kg2 {[%clk 0:39:13]} 64. Rg7+
{[%clk 0:01:27]} Kf1 {[%clk 0:39:37]} 65. Rf7 {[%clk 0:01:51]} f2
{[%clk 0:39:59]} 66. Rf6 {[%clk 0:02:16]} Rg8 {[%clk 0:40:02]} 67. Kd2
{[%clk 0:02:09]} Kg1 {[%clk 0:40:27]} 68. Ke2 {[%clk 0:02:15]} Re8+
{[%clk 0:40:52]} 0-1